Statistics for World #1 Ranked Male Golfers

Click here to take the quiz!

General Stats

  • This quiz has been taken 2,856 times
    (1,679 since last reset)
  • The average score is 11 of 24

Answer Stats

Total Weeks at #1Golfer% Correct
683Tiger Woods
100%
106Rory McIlroy
81%
CurrentDustin Johnson
78%
26Jordan Spieth
69%
4Jon Rahm
61%
4Justin Thomas
59%
32Vijay Singh
52%
47Brooks Koepka
49%
331Greg Norman
49%
11Adam Scott
44%
97Nick Faldo
44%
9Ernie Els
42%
51Jason Day
41%
13Justin Rose
41%
56Luke Donald
35%
22Lee Westwood
33%
61Seve Ballesteros
31%
3Bernhard Langer
28%
15David Duval
27%
16Fred Couples
27%
8Martin Kaymer
22%
50Ian Woosnam
21%
44Nick Price
21%
1Tom Lehman
14%

Score Distribution

Percentile by Number Answered

Percent of People with Each Score

Your Score History

You have not taken this quiz since the last reset